[Event "24th Dubai Open A 2024"]
[Site "Dubai UAE"]
[Date "2024.06.02"]
[Round "9.5"]
[White "Zhao, Yuanhe"]
[Black "Iniyan, Pa"]
[Result "1-0"]
[WhiteTitle "IM"]
[BlackTitle "GM"]
[WhiteElo "2463"]
[BlackElo "2493"]
[WhiteFideId "8609497"]
[BlackFideId "25002767"]
[EventDate "2024.05.25"]

1. Nf3 d5 2. e3 c5 3. b3 a6 4. Bb2 Nc6 5. d4 Nf6 6. Be2 cxd4 7. Nxd4 Nxd4 8.
Qxd4 Bf5 9. c4 dxc4 10. Bxc4 e6 11. O-O Be7 12. Nd2 O-O 13. Be2 Qb8 14. e4 Rd8
15. Qe3 Bg6 16. Rad1 Bd6 17. f4 b6 18. Bxf6 Bc5 19. Qxc5 bxc5 20. Bxd8 Qxd8 21.
f5 exf5 22. exf5 Qd4+ 23. Kh1 Re8 24. fxg6 Rxe2 25. Nf3 Qf6 26. Ng1 1-0

[Event "24th Dubai Open A 2024"]
[Site "Dubai UAE"]
[Date "2024.06.02"]
[Round "9.6"]
[White "Srihari, L R"]
[Black "Sethuraman, S.P."]
[Result "0-1"]
[WhiteTitle "IM"]
[BlackTitle "GM"]
[WhiteElo "2485"]
[BlackElo "2588"]
[WhiteFideId "46617116"]
[BlackFideId "5021596"]
[EventDate "2024.05.25"]

1. d4 Nf6 2. Nf3 b6 3. Bf4 Bb7 4. c4 e6 5. a3 Nh5 6. Bc1 g6 7. Nc3 Bg7 8. e4 O-O
9. Be2 d6 10. Bg5 Nf6 11. Qd2 Qe8 12. e5 dxe5 13. dxe5 Ng4 14. Qf4 Nxe5 15. Nxe5
f6 16. Nf3 e5 17. Qg4 h5 18. Qh3 fxg5 19. Nxg5 Rf5 20. Nge4 Nc6 21. O-O-O Nd4
22. Bd3 Rd8 23. Qe3 c6 24. c5 bxc5 25. Nxc5 Qf8 26. Nxb7 Bh6 27. Nxd8 Rxf2 28.
Qxh6 Qxh6+ 29. Kb1 Qf8 30. Ne4 Rxg2 31. Bc4+ Kh7 32. Nf7 Qe7 33. Nfd6 Qh4 34. h3
Nf5 35. Bd3 Kh6 36. Nf7+ Kg7 37. Nxe5 Ne3 38. Rdg1 Qf4 39. Rxg2 Nxg2 40. Nxc6
Qe3 41. Bc2 Ne1 42. Rxe1 Qxe1+ 43. Ka2 Qe2 44. Kb3 Qb5+ 45. Nb4 a5 46. Nc3 Qb8
47. Be4 g5 48. Ka4 axb4 49. axb4 Qh2 50. Bc6 Qxh3 51. b5 Qe3 52. Nd5 Qa7+ 53.
Kb4 Qd4+ 54. Ka5 g4 55. Ka6 g3 56. Nc7 Qa4+ 57. Kb7 h4 58. b6 Qb4 59. Ka6 Qc4+
60. Kb7 h3 61. Ne8+ Kf8 62. Kc7 Qf4+ 63. Kc8 Qc4 64. Kc7 h2 65. Nd6 Qxc6+ 66.
Kxc6 h1=Q+ 0-1

[Event "24th Dubai Open A 2024"]
[Site "Dubai UAE"]
[Date "2024.06.02"]
[Round "9.7"]
[White "Erdogmus, Yagiz Kaan"]
[Black "Gholami Orimi, Mahdi"]
[Result "1-0"]
[WhiteTitle "IM"]
[BlackTitle "IM"]
[WhiteElo "2553"]
[BlackElo "2470"]
[WhiteFideId "44599790"]
[BlackFideId "12558486"]
[EventDate "2024.05.25"]

1. c4 e6 2. Nc3 d5 3. d4 Bb4 4. a3 Bxc3+ 5. bxc3 Nf6 6. e3 O-O 7. cxd5 exd5 8.
Bd3 c5 9. Ne2 b6 10. O-O Ba6 11. Bxa6 Nxa6 12. f3 Re8 13. g4 Rc8 14. Ng3 Nb8 15.
Ra2 Nc6 16. h4 Na5 17. Rg2 Rc6 18. g5 Nd7 19. e4 cxd4 20. cxd4 Nf8 21. Nf5 Nc4
22. Qd3 Nd6 23. Ng3 Ng6 24. Bd2 Nc4 25. Nf5 Ne7 26. Ng3 Nxd2 27. Qxd2 Qd6 28. h5
Rec8 29. g6 hxg6 30. hxg6 fxg6 31. Ne2 Qxa3 32. Qg5 Rf6 33. Ng3 Rcf8 34. exd5
Rxf3 35. Re1 R8f6 36. Re5 Qb4 37. Kh2 Kf7 38. Ne4 R6f5 39. d6 Rxg5 40. Nxg5+ Kg8
41. dxe7 Rf8 42. e8=Q 1-0

[Event "24th Dubai Open A 2024"]
[Site "Dubai UAE"]
[Date "2024.06.02"]
[Round "9.8"]
[White "Ioannidis, Evgenios"]
[Black "Hakobyan, Erik"]
[Result "0-1"]
[WhiteTitle "GM"]
[BlackTitle "FM"]
[WhiteElo "2518"]
[BlackElo "2335"]
[WhiteFideId "4229274"]
[BlackFideId "13313940"]
[EventDate "2024.05.25"]

1. Nf3 d5 2. d4 Nf6 3. c4 e6 4. Nc3 c5 5. e3 Nc6 6. a3 dxc4 7. Bxc4 a6 8. Ba2
Be7 9. O-O O-O 10. h3 h6 11. Qc2 cxd4 12. Rd1 d3 13. Rxd3 Qc7 14. e4 Bd7 15. Be3
b5 16. Rad1 Rfd8 17. Bb1 Be8 18. Nd5 exd5 19. exd5 Rac8 20. dxc6 Qxc6 21. Qe2
Rxd3 22. Bxd3 Qb7 23. Nd4 Bf8 24. Nf5 Bc6 25. f3 Nd5 26. Bd4 Re8 27. Qf2 Re6 28.
Qh4 Qc7 29. Be4 Nf4 30. Bxc6 g5 31. Qg4 h5 32. Qxg5+ Rg6 33. Qh4 Nxg2 34. Qe4
Ne3+ 35. Kh1 Nxd1 36. Bd5 Qc1 37. Nh6+ Kh7 0-1

[Event "24th Dubai Open A 2024"]
[Site "Dubai UAE"]
[Date "2024.06.02"]
[Round "9.9"]
[White "Indjic, Aleksandar"]
[Black "Sanikidze, Tornike"]
[Result "1/2-1/2"]
[WhiteTitle "GM"]
[BlackTitle "GM"]
[WhiteElo "2603"]
[BlackElo "2453"]
[WhiteFideId "911925"]
[BlackFideId "13602608"]
[EventDate "2024.05.25"]

1. Nf3 Nf6 2. c4 e6 3. Nc3 d5 4. e3 c5 5. cxd5 exd5 6. d4 Nc6 7. Bb5 Bd6 8. dxc5
Bxc5 9. O-O O-O 10. b3 Bg4 11. Be2 a6 12. h3 Bf5 13. Bb2 Rc8 14. Bd3 Be4 15. Rc1
Ba7 16. Nxe4 Nxe4 17. Bb1 f5 18. b4 Kh8 19. a3 Qd6 20. Ba2 Rcd8 21. Rc2 f4 22.
exf4 Qxf4 23. Bxd5 Qd6 24. Qa1 Qxd5 25. Bxg7+ Kg8 26. Bxf8 Rxf8 27. Qa2 Qxa2 28.
Rxa2 Nd4 29. Nxd4 Bxd4 30. g4 Rf3 31. Kg2 Rd3 32. Re1 Nxf2 33. Rxf2 1/2-1/2

[Event "24th Dubai Open A 2024"]
[Site "Dubai UAE"]
[Date "2024.06.02"]
[Round "9.10"]
[White "Pang, Tao"]
[Black "Mammadzada, Gunay"]
[Result "1-0"]
[WhiteTitle "IM"]
[BlackTitle "IM"]
[WhiteElo "2496"]
[BlackElo "2436"]
[WhiteFideId "8609950"]
[BlackFideId "13403729"]
[EventDate "2024.05.25"]

1. Nf3 d5 2. e3 Nf6 3. c4 c6 4. Nc3 e6 5. b3 Nbd7 6. Bb2 Bd6 7. d4 O-O 8. Bd3 b6
9. O-O Bb7 10. Qc2 Rc8 11. e4 dxe4 12. Bxe4 Nxe4 13. Nxe4 Be7 14. Rad1 Re8 15.
Rfe1 Nf8 16. Ne5 f6 17. Nf3 Qc7 18. c5 Rcd8 19. g3 Ba6 20. Bc1 bxc5 21. Nxc5 Bc8
22. Bf4 Qa5 23. Bd2 Qc7 24. Bb4 a5 25. Bc3 e5 26. dxe5 Rxd1 27. Rxd1 Bxc5 28.
exf6 Bg4 29. Qd3 Bxf3 30. Qxf3 gxf6 31. Qxf6 Ng6 32. Qf5 Qe7 33. Rd7 Rf8 34. Qd3
Rxf2 35. Rxe7 Rf3+ 36. Re3 Bxe3+ 37. Kh1 1-0

[Event "24th Dubai Open A 2024"]
[Site "Dubai UAE"]
[Date "2024.06.02"]
[Round "9.11"]
[White "Durak, Can"]
[Black "Zhu, Jiner"]
[Result "1/2-1/2"]
[WhiteTitle "IM"]
[BlackTitle "GM"]
[WhiteElo "2434"]
[BlackElo "2476"]
[WhiteFideId "44552971"]
[BlackFideId "8608059"]
[EventDate "2024.05.25"]

1. d4 Nf6 2. c4 e6 3. Nc3 Bb4 4. e3 O-O 5. Bd2 d5 6. Nf3 b6 7. Rc1 Bb7 8. cxd5
exd5 9. Bd3 Be7 10. O-O c5 11. Ne5 Nc6 12. Be1 g6 13. f4 cxd4 14. Nb5 Nxe5 15.
fxe5 Ne4 16. exd4 a6 17. Nc3 Bg5 18. Rc2 f5 19. Qe2 b5 20. Bf2 Qb6 21. Kh1 Rae8
22. Bg1 h5 23. Nd1 h4 24. Nf2 Bh6 25. Nh3 Rf7 26. Bf2 Rh7 27. Bg1 Rf7 28. Bf2
Rh7 29. Bg1 Rf7 1/2-1/2

[Event "24th Dubai Open A 2024"]
[Site "Dubai UAE"]
[Date "2024.06.02"]
[Round "9.12"]
[White "Rathanvel, V S"]
[Black "Celik, Hasan Huseyin"]
[Result "1/2-1/2"]
[WhiteTitle "IM"]
[BlackTitle "IM"]
[WhiteElo "2471"]
[BlackElo "2421"]
[WhiteFideId "25002112"]
[BlackFideId "44506759"]
[EventDate "2024.05.25"]

1. e4 e6 2. d4 a6 3. Nc3 b5 4. Bd3 Bb7 5. Nf3 c5 6. O-O cxd4 7. Nxd4 Nc6 8. Nxc6
Bxc6 9. Re1 Ne7 10. Be3 Ng6 11. f4 Rb8 12. Rb1 Ra8 13. Ra1 Rb8 14. Rb1 Ra8 15.
Ra1 Rb8 16. Rb1 Ra8 1/2-1/2

[Event "24th Dubai Open A 2024"]
[Site "Dubai UAE"]
[Date "2024.06.02"]
[Round "9.13"]
[White "Manon, Reja Neer"]
[Black "Muthaiah, AL"]
[Result "0-1"]
[WhiteTitle "FM"]
[BlackTitle "IM"]
[WhiteElo "2423"]
[BlackElo "2493"]
[WhiteFideId "10224009"]
[BlackFideId "5092442"]
[EventDate "2024.05.25"]

1. e4 c5 2. Nf3 e6 3. d4 cxd4 4. Nxd4 Nc6 5. Nc3 Qc7 6. Be3 a6 7. Qf3 Nf6 8.
Nxc6 bxc6 9. O-O-O d5 10. Bd3 Bd6 11. Rhe1 O-O 12. g4 Rb8 13. exd5 exd5 14. Bd4
Bxg4 15. Qg2 Bf4+ 16. Kb1 Qd6 17. Rg1 g6 18. f3 Rxb2+ 19. Ka1 Rb4 20. Ne2 Rxd4
21. Nxd4 Qb4 22. c3 Qxc3+ 23. Qb2 Qxb2+ 24. Kxb2 Be5 25. Be2 Bd7 26. Kc2 c5 27.
Nb3 Ba4 28. Rg5 Re8 29. Bxa6 c4 30. Re1 cxb3+ 31. axb3 Bxh2 32. Rxe8+ Bxe8 33.
b4 Kf8 34. b5 Bc7 0-1

[Event "24th Dubai Open A 2024"]
[Site "Dubai UAE"]
[Date "2024.06.02"]
[Round "9.14"]
[White "Poormosavi, Seyed Kian"]
[Black "Mendonca, Leon Luke"]
[Result "0-1"]
[WhiteTitle "IM"]
[BlackTitle "GM"]
[WhiteElo "2388"]
[BlackElo "2640"]
[WhiteFideId "12585807"]
[BlackFideId "35028561"]
[EventDate "2024.05.25"]

1. e4 c5 2. Nf3 d6 3. Bb5+ Nd7 4. O-O a6 5. Bd3 Ngf6 6. c3 e6 7. Bc2 b5 8. a4
Bb7 9. Re1 c4 10. axb5 axb5 11. Rxa8 Qxa8 12. Na3 Bxe4 13. Bxe4 Nxe4 14. d3 cxd3
15. Qxd3 d5 16. Qxb5 Nd6 17. Qe2 Be7 18. Nb5 O-O 19. Nc7 Qb7 20. Nxe6 fxe6 21.
Qxe6+ Rf7 22. Rd1 Nc5 23. Qxd5 Qxd5 24. Rxd5 Nb3 25. Bg5 Bf8 26. Ne5 Rb7 27. c4
Rc7 28. Rd3 Nc5 29. Re3 Ne6 30. h4 Nxc4 31. Nxc4 Nxg5 32. b3 Nf7 33. Re8 g6 34.
g3 Kg7 35. Re3 Bc5 36. Rd3 Nh6 37. Kg2 Ng4 38. f3 Nf6 39. Ne5 Ra7 40. Rd2 Rb7
41. Rd3 Kf8 42. Kh3 Rc7 43. Kg2 Ke7 44. f4 Ke6 45. Kf3 Ra7 46. Rc3 Bd6 47. Nc4
Nd5 48. Rd3 Bc7 49. h5 Rb7 50. hxg6 hxg6 51. Nd2 Bd6 52. Ne4 Be7 53. Nd2 Rb4 54.
Nc4 Bf6 55. g4 Rb5 56. Nd2 Nb4 57. Re3+ Kf7 58. Ne4 Be7 59. Rc3 Na2 60. Rc7
Rxb3+ 61. Kg2 Nb4 62. f5 Nd5 63. fxg6+ Kxg6 64. Rc6+ Kg7 65. g5 Nf4+ 66. Kf2 Bd8
67. Rc3 Rb4 68. Kf3 Ng6 69. Nc5 Ne5+ 70. Ke2 Kg6 71. Nd3 Re4+ 72. Kd1 Ng4 73.
Rc6+ Kh5 74. g6 Bf6 75. Kd2 Ra4 76. Nc1 Kxg6 77. Rc8 Kf5 78. Kc2 Ne3+ 79. Kd3
Ra3+ 80. Ke2 Ke4 81. Rc6 Be5 82. Rc5 Bb2 83. Kf2 Bd4 84. Rc8 Nd5+ 85. Ke1 Be3
86. Kd1 Ra1 87. Rc4+ Kf3 88. Rc8 Nf4 89. Rc2 Nh3 0-1

[Event "24th Dubai Open A 2024"]
[Site "Dubai UAE"]
[Date "2024.06.02"]
[Round "9.15"]
[White "Lee, Junhyeok"]
[Black "Dimakiling, Oliver"]
[Result "1-0"]
[WhiteTitle "IM"]
[BlackTitle "IM"]
[WhiteElo "2381"]
[BlackElo "2425"]
[WhiteFideId "13202340"]
[BlackFideId "5202248"]
[EventDate "2024.05.25"]

1. e4 c6 2. d4 d5 3. e5 c5 4. Nf3 Bg4 5. dxc5 e6 6. c3 Bxf3 7. Qxf3 Bxc5 8. Qg3
Kf8 9. Bd3 h5 10. h4 Nh6 11. Bxh6 Rxh6 12. Nd2 Nd7 13. Nf3 Rc8 14. O-O Qb6 15.
Qf4 Kg8 16. c4 dxc4 17. Bxc4 f6 18. b4 Bxf2+ 19. Rxf2 fxe5 20. Qd2 Nf6 21. Nxe5
Ne4 22. Qf4 Nxf2 23. Qxf2 Qc7 24. Re1 Rf6 25. Qxa7 Qd6 26. a3 Rf4 27. Qe3 Rxh4
28. Bb3 Re8 29. Rd1 Qf8 30. Ng6 Qf6 31. Nxh4 Qxh4 32. Rd6 Kh8 33. Rxe6 Rxe6 34.
Bxe6 Kh7 35. Bd5 Qd8 36. Bxb7 g6 37. Be4 Qd6 38. Bd3 Qf6 39. Qe4 Qa1+ 40. Kh2
Qf6 1-0

[Event "24th Dubai Open A 2024"]
[Site "Dubai UAE"]
[Date "2024.06.02"]
[Round "9.16"]
[White "Zhai, Mo"]
[Black "Sibashvili, Giorgi"]
[Result "1/2-1/2"]
[WhiteTitle "WGM"]
[BlackTitle "IM"]
[WhiteElo "2348"]
[BlackElo "2423"]
[WhiteFideId "8600201"]
[BlackFideId "13602799"]
[EventDate "2024.05.25"]

1. d4 d5 2. c4 c6 3. cxd5 cxd5 4. Bf4 Nc6 5. e3 Nf6 6. Nc3 a6 7. Be2 Bf5 8. Nf3
Nh5 9. Be5 e6 10. O-O Be7 11. Rc1 O-O 12. Na4 Rc8 13. h3 Nf6 14. Bxf6 Bxf6 15.
Nc5 Qe7 16. Bd3 Bxd3 17. Nxd3 Nb4 18. Nxb4 Qxb4 19. Qd2 Qxd2 20. Nxd2 Rfd8 21.
Nb3 b6 22. Rxc8 Rxc8 23. Rc1 Rc4 24. Kf1 e5 25. Rd1 Kf8 26. Ke2 Ke7 27. dxe5
Bxe5 28. Nd4 Kd6 29. Kd3 b5 30. a3 Bxd4 31. exd4 a5 32. Rd2 h5 33. Rc2 h4 34. b3
Rxc2 35. Kxc2 g5 1/2-1/2

[Event "24th Dubai Open A 2024"]
[Site "Dubai UAE"]
[Date "2024.06.02"]
[Round "9.17"]
[White "Khripachenko, Alexander"]
[Black "Wang, Yanbin"]
[Result "0-1"]
[WhiteTitle "FM"]
[WhiteElo "2371"]
[BlackElo "2415"]
[WhiteFideId "54184975"]
[BlackFideId "8617996"]
[EventDate "2024.05.25"]

1. e4 c5 2. Nf3 Nc6 3. d4 cxd4 4. Nxd4 Nf6 5. Nc3 e5 6. Ndb5 d6 7. Nd5 Nxd5 8.
exd5 Nb8 9. c4 Nd7 10. Bd3 Be7 11. O-O O-O 12. Be3 a6 13. Nc3 f5 14. f3 Bg5 15.
Qc1 Bxe3+ 16. Qxe3 Qf6 17. Be2 e4 18. f4 Nc5 19. Rfc1 a5 20. Rab1 Bd7 21. b3
Rfc8 22. Rd1 a4 23. Qd2 axb3 24. axb3 Ra3 25. Qc2 Qd8 26. Kh1 Qb6 27. b4 Na4 28.
Na2 Qe3 29. Qd2 b5 30. cxb5 Qxd2 31. Rxd2 e3 0-1

[Event "24th Dubai Open A 2024"]
[Site "Dubai UAE"]
[Date "2024.06.02"]
[Round "9.18"]
[White "Balajayeva, Khanim"]
[Black "Beydullayeva, Govhar"]
[Result "1/2-1/2"]
[WhiteTitle "IM"]
[BlackTitle "WGM"]
[WhiteElo "2376"]
[BlackElo "2411"]
[WhiteFideId "13406396"]
[BlackFideId "13413015"]
[EventDate "2024.05.25"]

1. e4 e5 2. Nf3 Nc6 3. Nc3 Nf6 4. Bb5 Nd4 5. Bc4 Bc5 6. Nxe5 Qe7 7. Nf3 d5 8.
Bxd5 Bg4 9. d3 O-O-O 10. Be3 Nxd5 11. Nxd5 Rxd5 12. exd5 Re8 13. c3 Nxf3+ 14.
gxf3 Qh4 15. Kd2 Rxe3 16. fxe3 Qf2+ 17. Kc1 Bxe3+ 18. Kb1 Bxf3 19. Qe1 Bxh1 20.
Qxh1 Qe2 21. a4 Qxd3+ 22. Ka2 Qc4+ 23. Kb1 Qd3+ 24. Ka2 Qc4+ 25. Kb1 Qd3+ 1/2-1/2

[Event "24th Dubai Open A 2024"]
[Site "Dubai UAE"]
[Date "2024.06.02"]
[Round "9.19"]
[White "Xie, Felix"]
[Black "Stella, Andrea"]
[Result "1/2-1/2"]
[WhiteTitle "FM"]
[BlackTitle "GM"]
[WhiteElo "2359"]
[BlackElo "2397"]
[WhiteFideId "4308174"]
[BlackFideId "827061"]
[EventDate "2024.05.25"]

1. Nf3 d5 2. e3 Nf6 3. c4 e6 4. b3 Bd6 5. Bb2 O-O 6. Nc3 c5 7. cxd5 exd5 8. d4
Nc6 9. Be2 cxd4 10. Nxd4 Nxd4 11. Qxd4 Re8 12. O-O Be5 13. Qd2 d4 14. exd4 Qxd4
15. Qxd4 Bxd4 16. Bf3 Rb8 17. Rfd1 Be5 18. Na4 Bxb2 19. Nxb2 Bg4 20. Bxg4 Nxg4
21. h3 Nf6 22. Nc4 b6 23. Kf1 g6 24. Rd6 Kg7 25. Rad1 Re7 26. Rd8 Rxd8 27. Rxd8
Ne4 28. Rd3 Rc7 29. f3 Nc5 30. Rd6 Ne6 31. Kf2 Nf4 32. Rd4 Ne6 33. Rd6 Nf4 34.
Rd4 Ne6 35. Rd6 1/2-1/2

[Event "24th Dubai Open A 2024"]
[Site "Dubai UAE"]
[Date "2024.06.02"]
[Round "9.21"]
[White "Ahmad, Al Khatib"]
[Black "Aliyev, Ravan"]
[Result "0-1"]
[WhiteTitle "GM"]
[BlackTitle "FM"]
[WhiteElo "2380"]
[BlackElo "2352"]
[WhiteFideId "8103178"]
[BlackFideId "13409980"]
[EventDate "2024.05.25"]

1. e4 e5 2. Nf3 Nc6 3. Nc3 Nf6 4. Bb5 Nd4 5. Be2 Nxf3+ 6. Bxf3 Bc5 7. Na4 Be7 8.
c4 d6 9. d4 O-O 10. Nc3 c6 11. Be3 Nd7 12. Qd2 a6 13. O-O h6 14. Rfd1 Bg5 15.
Bg4 Bxe3 16. Qxe3 Nf6 17. Bxc8 Qxc8 18. dxe5 dxe5 19. Qc5 Re8 20. h3 Nd7 21. Qd6
Nf8 22. Na4 Re6 23. Qd3 Qc7 24. Nc5 Ree8 25. Qb3 b6 26. Na4 Rab8 27. c5 b5 28.
Nb6 Rbd8 29. Qa3 Ne6 30. Qxa6 Nxc5 31. Qa5 Ra8 32. Qxa8 Rxa8 33. Nxa8 Qb8 34. a4
bxa4 35. b4 axb3 36. Rdb1 Nxe4 37. Ra3 Nd2 38. Rb2 Qb4 39. Ra7 Qc3 40. Nb6 Qxb2
41. Nd7 h5 0-1

[Event "24th Dubai Open A 2024"]
[Site "Dubai UAE"]
[Date "2024.06.02"]
[Round "9.22"]
[White "Ezat, Mohamed"]
[Black "Xie, Kaifan"]
[Result "0-1"]
[WhiteTitle "IM"]
[BlackTitle "CM"]
[WhiteElo "2340"]
[BlackElo "2376"]
[WhiteFideId "10600906"]
[BlackFideId "8619107"]
[EventDate "2024.05.25"]

1. d4 Nf6 2. Nf3 d5 3. c4 e6 4. g3 dxc4 5. Bg2 a6 6. Ne5 Bb4+ 7. Nc3 Nd5 8. Bd2
Nb6 9. e3 N8d7 10. Nxd7 Qxd7 11. Ne4 a5 12. O-O O-O 13. Qc2 Qb5 14. a3 Be7 15.
Rfc1 Rd8 16. Be1 Bd7 17. Nd2 c5 18. a4 Nxa4 19. Nxc4 cxd4 20. exd4 Bb4 21. b3
Nb6 22. Bxb7 Ra7 23. Be4 g6 24. Bd3 Bxe1 25. Rxe1 Qb4 26. h4 Be8 27. h5 Rxd4 28.
h6 Nd5 29. Ne5 Rc7 30. Bc4 a4 31. Qe2 Ne7 32. Nf3 Rdd7 33. Rxa4 Qc3 34. Ra8 Rc8
35. Rxc8 Nxc8 36. Bxe6 Re7 37. Ng5 fxe6 38. Ne4 Qe5 39. f4 Qd4+ 40. Kh2 Nd6 41.
Ng5 Nf5 42. Nf3 Qc3 43. Rd1 Qxb3 44. Rd8 Qe3 45. Qg2 Qe4 46. Qf2 Nxh6 47. Qc5
Qxf3 48. Qxe7 Ng4+ 49. Kh3 Nf2+ 0-1

[Event "24th Dubai Open A 2024"]
[Site "Dubai UAE"]
[Date "2024.06.02"]
[Round "9.23"]
[White "Ahmad, Khagan"]
[Black "Sultan, Ibrahim"]
[Result "1-0"]
[WhiteTitle "FM"]
[BlackTitle "IM"]
[WhiteElo "2375"]
[BlackElo "2171"]
[WhiteFideId "13431552"]
[BlackFideId "9301143"]
[EventDate "2024.05.25"]

1. e4 e5 2. Nf3 Nc6 3. Bb5 a6 4. Ba4 Nf6 5. O-O Nxe4 6. d4 b5 7. Bb3 d5 8. dxe5
Be6 9. Qe2 Nc5 10. Rd1 Nxb3 11. axb3 Be7 12. c4 b4 13. Nbd2 O-O 14. Nf1 Qd7 15.
Bg5 Rfd8 16. cxd5 Bxd5 17. Ne3 Qe6 18. Bxe7 Nxe7 19. Nxd5 Rxd5 20. Qe4 h6 21.
Rxd5 Qxd5 22. Qxb4 c5 23. Qc4 Rb8 24. Qxd5 Nxd5 25. Rd1 Nc7 26. Rd3 Ne6 27. g3
g5 28. Kg2 Rb4 29. Nd2 Kg7 30. Rd6 a5 31. Ra6 Rb5 32. Ra8 Kg6 33. Ra7 Nd4 34.
Ra6+ Kg7 35. Nc4 Nxb3 36. Nd6 Rb8 37. Nf5+ Kf8 38. Rxh6 Kg8 39. Rh5 g4 40. Rg5+
Kf8 41. Rxg4 Nd2 42. Rh4 Kg8 43. Ne7+ Kg7 44. Rg4+ Kh6 45. Nf5+ Kh7 46. Rg7+ Kh8
47. Rxf7 Ne4 48. e6 Ng5 49. Rf6 1-0

[Event "24th Dubai Open A 2024"]
[Site "Dubai UAE"]
[Date "2024.06.02"]
[Round "9.24"]
[White "Piliposyan, Robert"]
[Black "Heinemann, Josefine"]
[Result "1/2-1/2"]
[WhiteTitle "FM"]
[BlackTitle "WGM"]
[WhiteElo "2364"]
[BlackElo "2303"]
[WhiteFideId "13309978"]
[BlackFideId "12900460"]
[EventDate "2024.05.25"]

1. e4 e5 2. Nf3 Nc6 3. Bb5 a6 4. Ba4 Nf6 5. O-O Be7 6. Bxc6 dxc6 7. d3 Nd7 8.
Nc3 O-O 9. Be3 f6 10. Nh4 Nc5 11. Nf5 Ne6 12. Qg4 Kh8 13. Ne2 g6 14. Nxe7 Qxe7
15. Qg3 g5 16. d4 Nf4 17. Bxf4 gxf4 18. Qh4 Qg7 19. f3 Rg8 20. g3 Be6 21. b3
fxg3 22. hxg3 f5 23. Rad1 Raf8 24. f4 exf4 25. Nxf4 Bf7 26. exf5 Qxg3+ 27. Qxg3
Rxg3+ 28. Kh2 Rg5 29. Ne6 Bxe6 30. fxe6 Re8 31. Rf6 Rg6 32. Rxg6 hxg6 33. d5
cxd5 34. Rxd5 Rxe6 35. Rd8+ Kg7 36. Rd7+ Kf6 37. Rxc7 1/2-1/2

[Event "24th Dubai Open A 2024"]
[Site "Dubai UAE"]
[Date "2024.06.02"]
[Round "9.25"]
[White "Laddha, Shubh Jayesh"]
[Black "Goh, Zi Han"]
[Result "1/2-1/2"]
[WhiteTitle "FM"]
[BlackTitle "FM"]
[WhiteElo "2324"]
[BlackElo "2306"]
[WhiteFideId "30942799"]
[BlackFideId "5819156"]
[EventDate "2024.05.25"]

1. e4 c5 2. Nf3 d6 3. d4 cxd4 4. Nxd4 Nf6 5. Nc3 a6 6. Bd3 g6 7. f3 Qb6 8. a3
Nc6 9. Be3 e5 10. Nf5 Qd8 11. Ng3 Be6 12. h4 h5 13. Qd2 Bg7 14. Bg5 Ne7 15.
O-O-O Qa5 16. Kb1 O-O-O 17. Nd5 Qxd2 18. Rxd2 Nexd5 19. exd5 Nxd5 20. Bxd8 Rxd8
21. Ne4 f5 22. Bc4 fxe4 23. Bxd5 Bxd5 24. Rxd5 e3 25. g4 Rf8 26. Re1 e4 27. fxe4
hxg4 28. Rg5 Bh6 29. Rxg6 g3 30. Rxg3 Rf2 31. c3 Rh2 32. Rg6 Bf4 33. Rf6 Rxh4
34. Re2 Kd7 35. Kc2 Ke7 36. Rf5 Bh6 37. Kd3 Rh1 38. Rg2 Rd1+ 39. Ke2 Rb1 40. Rh5
Rxb2+ 41. Kf3 Rxg2 42. Kxg2 Bg7 43. c4 Bd4 44. Kf3 b6 45. a4 a5 46. Ke2 Ke6 47.
Kd3 Bc5 48. Rg5 Kf6 49. Rf5+ Ke6 50. Rf8 Ke7 51. Rg8 Kf7 52. Rc8 Ke6 53. Rc7 Kf6
54. Rh7 Ke6 55. Rh5 Kf6 56. Ke2 Ke6 57. Kf3 Kf6 58. Rh1 Ke5 59. Rd1 Bd4 60. Rd3
Bc5 61. Rd5+ Ke6 62. Ke2 Kf6 1/2-1/2

[Event "24th Dubai Open A 2024"]
[Site "Dubai UAE"]
[Date "2024.06.02"]
[Round "9.26"]
[White "Mendes Aaron Reeve"]
[Black "Krawczyk, Flawian"]
[Result "1-0"]
[WhiteTitle "FM"]
[BlackTitle "CM"]
[WhiteElo "2306"]
[BlackElo "2315"]
[WhiteFideId "25954938"]
[BlackFideId "21881413"]
[EventDate "2024.05.25"]

1. e4 c5 2. Nf3 d6 3. Bb5+ Nd7 4. d4 cxd4 5. Nxd4 Nf6 6. O-O a6 7. Bd3 e6 8. c4
Be7 9. Re1 Qc7 10. b3 O-O 11. Bb2 b6 12. Nc3 Bb7 13. Rc1 Rac8 14. Kh1 Qb8 15. f4
Rfe8 16. Qe2 Nc5 17. Bb1 d5 18. cxd5 Qxf4 19. dxe6 fxe6 20. Rf1 Qh4 21. Qe1 Qh6
22. Rd1 Ng4 23. Nf3 Rf8 24. h3 Bf6 25. b4 Ne3 26. bxc5 Nxf1 27. Qxf1 Rxc5 28.
Na4 Rb5 29. Bxf6 Qxf6 30. Qf2 Qa1 31. Qg1 Rb4 32. Nxb6 Bc6 33. Bd3 Qc3 34. a3
Qxa3 35. Bc4 Rxf3 36. Bxe6+ Kf8 37. Qc5+ Ke8 38. Qxc6+ Ke7 39. Nd5+ 1-0

[Event "24th Dubai Open A 2024"]
[Site "Dubai UAE"]
[Date "2024.06.02"]
[Round "9.27"]
[White "Khalifa Essa, Albalooshi"]
[Black "Mammadova, Gulnar"]
[Result "0-1"]
[BlackTitle "IM"]
[WhiteElo "2135"]
[BlackElo "2359"]
[WhiteFideId "9315853"]
[BlackFideId "13403508"]
[EventDate "2024.05.25"]

1. c4 Nf6 2. g3 e6 3. Bg2 d5 4. Nf3 Be7 5. O-O O-O 6. b3 d4 7. Bb2 c5 8. e3 Nc6
9. exd4 cxd4 10. Re1 Re8 11. a3 a5 12. d3 Bc5 13. Nbd2 e5 14. Ng5 Bf5 15. Nge4
Nxe4 16. Nxe4 Bf8 17. g4 Be6 18. Qf3 f6 19. Qg3 Rb8 20. Bc1 Bd6 21. g5 Kh8 22.
f4 Be7 23. fxe5 fxe5 24. Bd2 Bf5 25. Rf1 Rf8 26. Nf6 g6 27. Bxc6 bxc6 28. Qxe5
Bxf6 29. gxf6 Re8 30. Qg3 Qxf6 31. b4 axb4 32. axb4 Ra8 33. Bg5 Qg7 34. Rxa8
Rxa8 35. Qd6 Qd7 36. Bf6+ Kg8 37. Qxd7 Bxd7 38. Bxd4 Bf5 39. b5 cxb5 40. cxb5
Bxd3 41. Rc1 Bxb5 42. Rc7 Rd8 43. Rg7+ Kf8 44. Bf6 Rd1+ 45. Kg2 Bc6+ 46. Kf2
Rd2+ 47. Kg3 Rg2+ 48. Kh3 Rg1 49. Rxh7 Be4 50. Ra7 Bf5+ 0-1